Statistics for 50 most paid Nba players in 2016-2017

Click here to take the quiz!

General Stats

  • This quiz has been taken 3,053 times
  • The average score is 18 of 50

Answer Stats

#SalaryAnswer% Correct
1$30,963,450Lebron James
99%
45$15,500,000Pau Gasol
65%
13$22,116,750Anthony Davis
62%
27$17,638,063Kyrie Irving
62%
24$18,314,532Paul George
62%
8$23,200,000Dwayne Wade
59%
17$21,165,675Kevin Love
59%
38$16,663,575Klay Thompson
58%
21$20,072,033Paul Millsap
57%
2$26,540,100Mike Conley
56%
47$15,330,435Tristan Thompson
56%
5$24,559,380Carmelo Anthony
54%
10$22,868,827Chris Paul
53%
46$15,330,435Draymond Green
52%
50$15,000,000Jeff Green
52%
26$17,638,063Kawhi Leonard
52%
3$26,540,100Al Horford
50%
36$16,957,900John Wall
49%
15$21,165,675Marc Gasol
48%
20$20,140,839Blake Griffin
47%
37$16,957,900DeMarcus Cousins
47%
9$23,180,275Dwight Howard
45%
28$17,552,209Jimmy Butler
44%
6$24,328,425Damian Lillard
43%
4$25,000,000Dirk Nowitzki
43%
14$21,323,252Derrick Rose
42%
12$22,116,750Bradley Beal
39%
7$23,741,060Chris Bosh
36%
19$20,575,005LaMarcus Aldridge
35%
40$16,073,140Gordon Hayward
34%
16$21,165,675Brook Lopez
29%
35$17,000,000Joakim Noah
29%
11$22,116,750Chandler Parsons
24%
41$16,000,000Timofey Mozgov
20%
25$18,000,000Luol Deng
19%
43$15,891,725Goran Dragic
18%
39$16,393,443Evan Turner
17%
23$18,500,000Allen Crabbe
15%
18$20,869,566Nicolas Batum
14%
34$17,000,000Evan Fournier
13%
29$17,200,000Tobias Harris
13%
48$15,200,000Khris Middleton
12%
22$18,735,364Ryan Anderson
12%
31$17,145,838Greg Monroe
11%
49$15,050,000Danilo Gallinari
10%
30$17,145,838Enes Kanter
10%
33$17,000,000Bismack Biyombo
7%
32$17,145,838Wesley Matthews
7%
44$15,730,338Kent Bazemore
5%
42$15,944,154Ian Mahinmi
3%

Score Distribution

Percentile by Number Answered

Percent of People with Each Score

Your Score History

You have not taken this quiz